| 000 | 00923nam a22002417i 4500 | ||
|---|---|---|---|
| 999 |
_c22924 _d22924 |
||
| 003 | AR-CdUCM | ||
| 008 | 240529b20102010 pe||||| |||| 00| 0 spa d | ||
| 020 | _a978-612-302-495-6 | ||
| 040 |
_aMUNICIPALIDAD PROVINCIAL DEL CUSCO _cBIBLIOTECA MUNICIPAL DEL CUSCO |
||
| 082 |
_a101 / C13A _bC13A |
||
| 100 |
_aCabezas Onofrio, Rubén. _950010 |
||
| 245 | _aApuntes de Filosofía / | ||
| 260 |
_aLima : _bSan Marcos, _c2010 |
||
| 300 |
_a121 páginas. : _c24 cm. |
||
| 500 | _zBibliografía: página 123 | ||
| 505 | _aLa filosofía -- Filosofía antigua -- Filosofía medieval -- Filosofía moderna -- Filosofía contemporánea -- Filosofía y cosmogonía -- La ciencia y la técnica -- Racionalidad | ||
| 650 |
_aLa filosofía _913801 |
||
| 650 |
_aFilosofía y cosmogonía _950011 |
||
| 650 |
_aLa ciencia y la técnica _950012 |
||
| 650 |
_aRacionalidad _914981 |
||
| 942 |
_2ddc _cLIBROS |
||
| 945 |
_apbj _d2024-05-29 |
||